A new reading of production/service planning

Nástup nového milénia spôsobuje zmeny vo výrobe, obchodovaní a v celom spoločenskom živote. Nová globálna ekonomika vyústila do zmien v systémoch manažmentu. Modely plánovania vo výrobe a službách sa tiež menia a zvyšujú sa nároky na ich kvalitu. Plánovanie sa stáva objektom manažmentu a iniciuje ro...

Descripción completa

Guardado en:
Detalles Bibliográficos
Autor principal: Omerbegovič-Bijelovič, Jasmina
Formato: Capítulo de libro
Lenguaje:inglés
Materias:
Etiquetas: Agregar Etiqueta
Sin Etiquetas, Sea el primero en etiquetar este registro!

MARC

LEADER 00000naa$a2200000$$$4500
001 0054792
005 20240717104211.2
041 0 |a eng 
044 |a SK 
245 1 0 |a A new reading of production/service planning  |c Jasmina Omerbegovič-Bijelovič 
520 |a Nástup nového milénia spôsobuje zmeny vo výrobe, obchodovaní a v celom spoločenskom živote. Nová globálna ekonomika vyústila do zmien v systémoch manažmentu. Modely plánovania vo výrobe a službách sa tiež menia a zvyšujú sa nároky na ich kvalitu. Plánovanie sa stáva objektom manažmentu a iniciuje rozvoj metaplánovania a následne metamanažmentu. Štruktúra systému metamanažmentu poukazuje na spojenie spoločenskej nadstavby so svetom výroby a služieb (v systéme tvorby hodnôt) a vedie spoluúčastníkov k integrácii hodnôt, začínajúc s plánovaním vo výrobe a službách. 
610 2 0 |a ekonomika nová 
610 2 0 |a plánovanie 
610 2 0 |a výroba 
610 2 0 |a služby 
610 2 0 |a modely plánovania 
610 2 0 |a kvalita 
610 2 0 |a manažment 
610 2 0 |a kybernetika ekonomická 
610 2 0 |a systémy riadenia 
100 1 |a Omerbegovič-Bijelovič, Jasmina